Sex-talk with kids & teens : (Record no. 300764)
[ view plain ]
| 000 -LEADER | |
|---|---|
| fixed length control field | 00546nam a22001457a 4500 |
| 003 - CONTROL NUMBER IDENTIFIER | |
| control field | SISC |
| 005 - DATE AND TIME OF LATEST TRANSACTION | |
| control field | 20160830162600.0 |
| 008 - FIXED-LENGTH DATA ELEMENTS--GENERAL INFORMATION | |
| fixed length control field | 160830b xxu||||| |||| 00| 0 eng d |
| 050 ## - LIBRARY OF CONGRESS CALL NUMBER | |
| Classification number | HQ 35 |
| Item number | .Se91 2000 |
| 245 ## - TITLE STATEMENT | |
| Title | Sex-talk with kids & teens : |
| Remainder of title | training parents as educators on the truth & meaning of human sexuality / |
| Statement of responsibility, etc | Marlon C. Ramirez, Chief Editor. |
| 260 ## - PUBLICATION, DISTRIBUTION, ETC. (IMPRINT) | |
| Place of publication, distribution, etc | Quezon City : |
| Name of publisher, distributor, etc | ECFL-CBCP and HLI-Asia, |
| Date of publication, distribution, etc | 2000. |
| 300 ## - PHYSICAL DESCRIPTION | |
| Extent | 255 pages : |
| Other physical details | illustrations ; |
| Dimensions | 29 cm. |
| 500 ## - GENERAL NOTE | |
| General note | Includes bibliographical references and index. |
| 942 ## - ADDED ENTRY ELEMENTS (KOHA) | |
| Source of classification or shelving scheme | Library of Congress Classification |
| Koha item type | Books |
| Withdrawn status | Lost status | Source of classification or shelving scheme | Damaged status | Home library | Current library | Shelving location | Date acquired | Source of acquisition | Sub Shelving location | Total Checkouts | Full call number | Barcode | Date last seen | Price effective from | Koha item type |
|---|---|---|---|---|---|---|---|---|---|---|---|---|---|---|---|
| Library of Congress Classification | College Library | College Library | Filipiniana Section | 08/30/2016 | Donation | HQ 35 .Se91 2000 | C20691 | 05/08/2018 | 08/30/2016 | Books |